<?xml version="1.0" encoding="UTF-8"?>
<record
    xmlns:xsi="http://www.w3.org/2001/XMLSchema-instance"
    xsi:schemaLocation="http://www.loc.gov/MARC21/slim http://www.loc.gov/standards/marcxml/schema/MARC21slim.xsd"
    xmlns="http://www.loc.gov/MARC21/slim">

  <leader>02503    a2200193   4500</leader>
  <controlfield tag="001">39356</controlfield>
  <controlfield tag="005">20260407155652.0</controlfield>
  <controlfield tag="008">260407a1962    arg                 spa d</controlfield>
  <controlfield tag="003">AR-UNSa-BCEJYS</controlfield>
  <datafield tag="040" ind1=" " ind2=" ">
    <subfield code="a">AR-UNSa-BCEJYS</subfield>
    <subfield code="b">spa</subfield>
    <subfield code="c">AR-UNSa-BCEJYS</subfield>
  </datafield>
  <datafield tag="080" ind1=" " ind2=" ">
    <subfield code="a">659</subfield>
    <subfield code="x">Publicidad y propaganda. Informaci&#xF3;n Relaciones p&#xFA;blicas
</subfield>
  </datafield>
  <datafield tag="245" ind1="1" ind2="0">
    <subfield code="a">Publicidad moderna</subfield>
    <subfield code="p">principios y pr&#xE1;cticas</subfield>
  </datafield>
  <datafield tag="264" ind1=" " ind2="1">
    <subfield code="a">M&#xE9;xico :</subfield>
    <subfield code="b">Uni&#xF3;n Tipogr&#xE1;fica Editorial Hispano-Americana (UTEHA)</subfield>
    <subfield code="c">1962</subfield>
  </datafield>
  <datafield tag="300" ind1=" " ind2=" ">
    <subfield code="a">847 p.</subfield>
    <subfield code="c">24 cm.</subfield>
  </datafield>
  <datafield tag="505" ind1=" " ind2=" ">
    <subfield code="a">Parte I: Introducci&#xF3;n : 1.&#xBF;Qu&#xE9; objeto tiene el estudio de la publicidad? Sus valores econ&#xF3;micos y sociales - 2. Los profesionales de la publicidad y sus funciones - Parte II: Mercados disponibles para el anunciante: 3. La situaci&#xF3;n del mercadeo del anunciante - 4. Areas geogr&#xE1;ficas consideradas como mercados - 5. Mercados: La mujer como agente de compras de hogar - Parte III: El producto que va a ser anunciado : 6. Determinaci&#xF3;n de los argumentos publicitarios del producto - 7. Dise&#xF1;o de envase - 8. El hombre de la marca y la lealtad a la marca  - Parte IV: Los medios de publicidad: 9. Informes sobre los medios de publicidad y los censos de lectores - 10. La prensa diaria - 11. Revistas - 12. Televisi&#xF3;n y radio - 13. La correspondencia directa - 14. Exhibiciones y ayuda publicitaria al comerciante - 15. Exposiciones comerciales y distribuci&#xF3;n de muestra - 16. Medios de publicidad suplementarios - Parte V: Los valores publictarios: 17. Los valores publicitarios que atraen consumidores - 18. Investigaciones sobre la motivaci&#xF3;n - 19. La preparaci&#xF3;n- Parte VI: El anuncio : 20. Tama&#xF1;o del anuncio - 21. La posici&#xF3;n - 22. Color - 23. Frecuencia de la inserci&#xF3;n - 24. La estructura del anuncio - 25. La ilustraci&#xF3;n - 26. El texto - 27. Palabras y t&#xED;tulos - 28. Cupones y consultas - 29. Para lograr impacto : Concursos y novedades - 30. Continuidad : Lemas y personajes usados en el texto - 31. Tipograf&#xED;a y grabado - Parte VII: La publicidad para mercados especiales y con prop&#xF3;sito particulares : 32. Publicidad industrial - 33. La publicidad en el mercado agr&#xED;cola - 34. Publicidad de los comercios al menudeo - 35. Relaciones cooperativas - Parte VIII : Gastos y presupuestos : 36. Las sumas para anuncios. El presupuesto - 37. Publicidad cooperativa - Parte IX : La publicdad como carrera : 38. La publicidad como carrera. Sus atractivos y dificultades.</subfield>
  </datafield>
  <datafield tag="942" ind1=" " ind2=" ">
    <subfield code="c">BK</subfield>
  </datafield>
  <datafield tag="590" ind1=" " ind2=" ">
    <subfield code="a">niveau_biblio:m niveau_hierar:0</subfield>
  </datafield>
  <datafield tag="100" ind1="1" ind2=" ">
    <subfield code="a">Walker Hepner, Harry</subfield>
  </datafield>
  <datafield tag="999" ind1=" " ind2=" ">
    <subfield code="c">3036</subfield>
    <subfield code="d">3036</subfield>
  </datafield>
  <datafield tag="952" ind1=" " ind2=" ">
    <subfield code="0">0</subfield>
    <subfield code="1">0</subfield>
    <subfield code="4">0</subfield>
    <subfield code="7">0</subfield>
    <subfield code="a">BCEJYS</subfield>
    <subfield code="b">BCEJYS</subfield>
    <subfield code="c">16</subfield>
    <subfield code="d">2026-04-07</subfield>
    <subfield code="l">0</subfield>
    <subfield code="o">659 W177</subfield>
    <subfield code="p">L23930</subfield>
    <subfield code="r">2026-04-07 15:56:52</subfield>
    <subfield code="w">2026-04-07</subfield>
    <subfield code="y">L</subfield>
  </datafield>
</record>
